|
|
|
|
| LEADER |
00707nam a22002051 4500 |
| 001 |
c000006775 |
| 003 |
CARM |
| 005 |
00000000000000.0 |
| 008 |
s1964 nyu 0 eng d |
| 019 |
1 |
|
|a 4038707
|z 22817903
|5 LACONCORD2021
|
| 035 |
|
|
|a (OCoLC)14536493
|5 LACONCORD2021
|
| 100 |
1 |
|
|a Dolowitz, David A.,
|
| 245 |
1 |
0 |
|a Basic otolaryngology.
|
| 260 |
|
|
|a N.Y. :
|b McGraw-Hill,
|c 1964.
|
| 650 |
|
0 |
|a Ear
|x Diseases.
|
| 650 |
|
0 |
|a Larynx
|x Diseases.
|
| 852 |
8 |
|
|b CARM
|h A2:AD26E0
|i C00024
|p 0000623
|f BK
|
| 082 |
0 |
4 |
|a 616.21
|
| 999 |
f |
f |
|i 80284f1b-06da-5c4b-a77e-489fa8a9409d
|s e0014eee-c7a5-5aa9-87f4-f2870aba92ea
|
| 952 |
f |
f |
|p Can circulate
|a CAVAL
|b CAVAL
|c CAVAL
|d CARM 1 Store
|e C00024
|f A2:AD26E0
|h Other scheme
|i book
|m 0000623
|